| 000 | 01534nam a2200445 i 4500 | ||
|---|---|---|---|
| 001 | 14860 | ||
| 003 | KOSZ 005 | ||
| 005 | 20200111093012.0 | ||
| 008 | 071023s1972 pl f 000 0 pol | ||
| 015 | _aPB 1972/8331 | ||
| 035 | _a991037761189705066 | ||
| 035 | _a(PL-WaBN)b20121234-48omnis_nlop | ||
| 035 | _ab20121234 | ||
| 035 | _a(OCoLC)830904468 | ||
| 035 | _a(PL)b0000002012123 | ||
| 035 | _a(EXLNZ-48OMNIS_NETWORK)9910266233405606 | ||
| 040 |
_aWA N _cWA N _dKOSZ 005/KK |
||
| 080 | _a658.3 | ||
| 080 | _a658.012.4 | ||
| 245 | 0 | 0 |
_aKadry kierownicze : _bdobór, ocena, doskonalenie / _credakcja Władysław Ratyński i Bogdan Wawrzyniak. |
| 260 |
_aWarszawa : _bInstytut Wydawniczy CRZZ, _c1972. |
||
| 300 |
_a177, [3] strony ; _c18 cm. |
||
| 336 |
_2rdacontent _aTekst _btxt |
||
| 337 |
_2rdamedia _aBez urządzenia pośredniczącego _bn |
||
| 338 |
_2rdacarrier _aWolumin _bnc |
||
| 380 | _aKsiążki | ||
| 388 | _a1901-2000 | ||
| 490 | 1 | _aPropozycje | |
| 650 | 7 |
_aKadry _xpolityka. _2DBN |
|
| 650 | 7 |
_aPrzedsiębiorstwo _2DBN |
|
| 650 | 7 |
_aZarządzanie _2DBN |
|
| 658 | _aGospodarka, ekonomia, finanse | ||
| 658 | _aZarządzanie i marketing | ||
| 700 | 1 |
_aRatyński, Władysław _d(1933- ) _eRedakcja |
|
| 700 | 1 |
_aWawrzyniak, Bogdan _d(1941- ) _eRedakcja |
|
| 830 | 0 | _aPropozycje - Instytut Wydawniczy CRZZ | |
| 856 |
_uhttp://koha.tu.koszalin.pl/cgi-bin/koha/opac-detail.pl?biblionumber=14860 _yKatalog online BPK |
||
| 942 |
_2UKD _cKS |
||
| 999 |
_c14860 _d14860 |
||